000 01689nam a2200337 c 4500
003 BLK
005 20180422113039.0
008 180410b bul|||||r ||||||| ||bul||
010 _aKNG00157312000
040 _aBLK
041 _aBUL
_cBUL
080 _aТеатър. Сценично изкуство. Вж 725.82; 782; 82-2
_b792
_x(497.2)
_z792(497.2)
100 1 _aДановски, Боян Иванов
_eпърви автор
_9373187
700 1 _aДановски, Владимир Боянов
_eсъстав.
_9331191
700 1 _aИнджева, Невяна Тодорова
_eнауч. ред. и творчески портр.
_9380616
139 _aДановски, Боян Иванов
_bД 19
245 1 0 _aКръстопътища
_bСпомени, статии, есета, режисьорски разраб.
_cБоян Иванов Дановски; състав. Владимир Боянов Дановски; науч. ред. и творчески портр. Невяна Тодорова Инджева.
257 _aBGR
260 София
_bНаука и изкуство
_c1988
_fВраца : В. Александров
300 _a416 с., 16 л.
_bил., факс., портр.
_c22 см
380 _a7
500 _a2 157 тир. - Библиогр. с. 408-414. - Именен показалец.
650 4 _aТеатър, български
_9246299
651 4 _aБългария
_9241624
653 _aбългарски театър
852 _aЦб 156258
856 4 _qpdf
_u
856 4 _qpdf
_u
942 _cKNG
_n0
944 _aCR
_c28.02.2014
_l28.02.2014 - от С1,Р / 28.02.2014
_kКамелия_Данева
944 _aED
_c28.02.2014
_l28.02.2014 - от С1,Р / 28.02.2014
_k
999 _c150957
_d150957